000 00821cam a22002654a 4500
001 13724393
005 20171218094009.0
008 040920s2004 nyu b 001 0 eng
010 _a 2004302047
020 _a0743264584
035 _a(OCoLC)ocm55950231
040 _aIEB
_cIEB
_dSPP
_dOCLCQ
_dDLC
041 _aeng
042 _apcc
043 _an-us---
080 _a316 EVA
082 _2316 EVA
100 1 _a51
101 _aSOC
245 1 0 _aWhy marriage matters :
_cEvan Wolfson.
504 _aIncludes bibliographical references (p. 213-231) and index.
906 _a7
_bcbc
_corigres
_d2
_encip
_f20
_gy-gencatlg
942 _2ddc
_cBK
999 _c39121
_d39121